| 000 | 00407nam a2200181Ia 4500 | ||
|---|---|---|---|
| 001 | 7405 | ||
| 005 | 20260306160453.0 | ||
| 008 | 260306t2005||||xx |||||||||||||| ||spa|| | ||
| 041 | _aESP | ||
| 082 |
_a338.91 _bP26 |
||
| 100 |
_aParodi Trece, Carlos _eAUT |
||
| 245 | 0 | _aGlobalización | |
| 260 | _c2005 | ||
| 300 |
_a251 pƔginas : _ccm. |
||
| 650 | _aGEN | ||
| 654 | _aCAN | ||
| 942 |
_cLIB _dJUS _fJUS _2ddc _n |
||
| 999 |
_c7405 _d7405 |
||